| 000 | 00953nam a2200253Ia 4500 | ||
|---|---|---|---|
| 003 | OSt | ||
| 005 | 20221005111251.0 | ||
| 006 | a|||||r|||| 00| 0 | ||
| 007 | ta | ||
| 008 | 221004b |||||||| |||| 00| 0 hin d | ||
| 020 |
_a8170551455 (hbk) _c800 |
||
| 024 | _a94158 | ||
| 037 |
_b562, 23/03/2009, Vani Prakashan _cTextual |
||
| 040 |
_aCRL _cCRL _bhin |
||
| 041 |
_2hin _ahin |
||
| 082 | _aO152:gxN27, P2 | ||
| 100 | _aकमला प्रसाद, संपा. | ||
| 245 | 0 |
_aनामवर सिंह _b आलोचना की दूसरी परम्परा |
|
| 246 | _aNāmavar sianha: ālochanā kī dūsarī paramparā | ||
| 260 |
_aनई दिल्ली _bवाणी प्रकाशन भारत _c2002 |
||
| 300 |
_a551पृ0 _ccm. |
||
| 942 |
_hO152:gxN27, P2 _cTEXL _2cc |
||
| 999 |
_c1021311 _d1021311 |
||